| 000 | 00589na a2200217 4500 | ||
|---|---|---|---|
| 001 | 14780 | ||
| 003 | MIRAKIL | ||
| 005 | 20181213154918.0 | ||
| 008 | 160831b tu 000 0 | ||
| 035 | _a14780 | ||
| 040 |
_aMilas _btur _cTR-AnCHP |
||
| 082 |
_aATA 060 _bA72 [t.y.] |
||
| 090 | _aATA 060 A72 [t.y.] | ||
| 245 | _aAtatürk ve Anadolu kulübü | ||
| 260 |
_aAnkara _b[yayl. y.] _c[t.y.] |
||
| 300 |
_a168 s. _bfotg. _c24 sm. |
||
| 600 |
_aAtatürk, Mustafa Kemal _d1881-1938 |
||
| 650 |
_aAnadolu kulübü _xTarih |
||
| 650 |
_aAnadolu kulübü _xKuruluş |
||
| 942 |
_2ddc _cBKS |
||
| 999 |
_c3035 _d3035 |
||